[Event "Edinburgh op"]
[Site "Edinburgh"]
[Date "2002.04.07"]
[Round "5"]
[White "Lock, Gavin R"]
[Black "Buckley, Melanie"]
[Result "1/2-1/2"]
[WhiteElo "2142"]
[BlackElo "2147"]
[PlyCount "63"]
[EventDate "2002.??.??"]
[EventType "swiss"]
[EventRounds "5"]
[EventCountry "SCO"]
[SourceTitle "EXT 2004"]
[Source "ChessBase"]
[SourceDate "2003.11.25"]
[SourceVersion "1"]
[SourceVersionDate "2003.11.25"]
[SourceQuality "1"]

1. Nf3 d6 2. d4 Bg4 3. c4 Bxf3 4. exf3 c6 5. Nc3 g6 6. Be3 Bg7 7. Rc1 e6 8. d5 Nf6 9. Be2 0-0 10. 0-0 Na6 11. Qa4 c5 12. Rfd1 e5 13. a3 Nd7 14. b4 f5 15. Qa5 cxb4 16. Qxd8 Rfxd8 17. axb4 Nxb4 18. Nb5 Bf8 19. Nc7 Na6 20. Nxa8 Rxa8 21. Ra1 Ndc5 22. Ra3 f4 23. Bd2 Be7 24. Rda1 Bd8 25. Bd1 Rc8 26. Rb1 Bb6 27. Be2 Kf7 28. g3 g5 29. Kg2 Kf6 30. Ba5 Bxa5 31. Rxa5 Rc7 32. Rb2 1/2-1/2

[Event "Wrexham"]
[Site "Wrexham"]
[Date "2002.03.15"]
[Round "9"]
[White "Kelly, Brian"]
[Black "Buckley, Melanie"]
[Result "1/2-1/2"]
[WhiteElo "2445"]
[BlackElo "2147"]
[PlyCount "51"]
[EventDate "2002.03.09"]
[EventType "tourn"]
[EventRounds "9"]
[EventCountry "WLS"]
[EventCategory "7"]
[SourceTitle "CBM 087 Extra"]
[Source "ChessBase"]
[SourceDate "2002.05.03"]
[SourceVersion "2"]
[SourceVersionDate "2002.08.09"]
[SourceQuality "1"]

1. d4 Nf6 2. c4 e6 3. Nc3 Bb4 4. Qc2 0-0 5. a3 Bxc3+ 6. Qxc3 b6 7. Bg5 Bb7 8. f3 d5 9. e3 Nbd7 10. cxd5 exd5 11. Bd3 h6 12. Bh4 Re8 13. Ne2 c5 14. Bf2 Rc8 15. 0-0 Nf8 16. Rad1 Ne6 17. Qd2 Qd7 18. Rfe1 Bc6 19. Ng3 Bb5 20. Bb1 cxd4 21. exd4 Rc6 22. Nf5 Nf8 23. Rxe8 Nxe8 24. Re1 Ng6 25. Bg3 Re6 26. Rxe6 1/2-1/2

[Event "EU-Cup 17th"]
[Site "Panormo"]
[Date "2001.09.24"]
[Round "2.5"]
[White "Buckley, Melanie"]
[Black "Thiede, Lars"]
[Result "0-1"]
[WhiteElo "2118"]
[BlackElo "2410"]
[PlyCount "58"]
[EventDate "2001.09.22"]
[EventType "team-swiss"]
[EventRounds "7"]
[EventCountry "GRE"]
[SourceTitle "CBM 084 Extra"]
[Source "ChessBase"]
[SourceDate "2001.10.26"]
[SourceVersion "1"]
[SourceVersionDate "2001.10.26"]
[SourceQuality "1"]
[WhiteTeam "Monmouth"]
[BlackTeam "Berlin SF"]
[WhiteTeamCountry "WLS"]
[BlackTeamCountry "GER"]

1. e4 g6 2. Nc3 Bg7 3. g3 d6 4. Bg2 c5 5. d3 Nc6 6. Be3 Rb8 7. Qd2 b5 8. Nge2 b4 9. Nd1 a5 10. 0-0 Ba6 11. f4 Qb6 12. f5 a4 13. Nf4 a3 14. Rb1 axb2 15. Nxb2 Nf6 16. Nd5 Nxd5 17. exd5 Ne5 18. h3 Bb5 19. Rf4 Qa6 20. Nc4 Bxc4 21. dxc4 Qxa2 22. Re1 Nxc4 23. Qe2 Nxe3 24. Qxe3 Be5 25. Re4 Qb2 26. Qg5 b3 27. cxb3 Rxb3 28. fxg6 Rxg3 29. gxf7+ Kf8 0-1

[Event "Wch U20 Girls 19th"]
[Site "Peristeri"]
[Date "2001.08.21"]
[Round "6"]
[White "Zimina, Olga"]
[Black "Buckley, Melanie"]
[Result "1-0"]
[WhiteElo "2312"]
[BlackElo "2118"]
[PlyCount "63"]
[EventDate "2001.08.16"]
[EventType "swiss"]
[EventRounds "13"]
[EventCountry "GRE"]
[SourceTitle "EXT 2002"]
[Source "ChessBase"]
[SourceDate "2001.11.25"]
[SourceVersion "1"]
[SourceVersionDate "2001.11.25"]
[SourceQuality "1"]

1. e4 e6 2. Qe2 Nc6 3. Nf3 Be7 4. d3 d5 5. c3 a5 6. g3 Nf6 7. Bg2 0-0 8. e5 Nd7 9. 0-0 b5 10. Bf4 Ba6 11. Nbd2 Nb6 12. h4 a4 13. a3 Na5 14. Nh2 c5 15. Ndf3 b4 16. Rad1 bxa3 17. bxa3 c4 18. d4 Bxa3 19. Ng5 h6 20. Qh5 hxg5 21. hxg5 g6 22. Qh4 Re8 23. Ng4 Kf8 24. Rd2 Bc1 25. Rxc1 Nb3 26. Ra2 Nxc1 27. Bxc1 Ke7 28. Nf6 Qc8 29. Qh7 Qb7 30. Ba3+ Kd8 31. Nxe8 Nc8 32. Rb2 1-0